| 000 | 00812nam a22002297a 4500 | ||
|---|---|---|---|
| 999 |
_c16080 _d16080 |
||
| 003 | AR-CdUCM | ||
| 008 | 190426b ||||| |||| 00| 0 spa d | ||
| 020 | _a978-607-618-627-5 | ||
| 040 |
_aMUNICIPALIDAD PROVINCIAL DEL CUSCO _cBIBLIOTECA MUNICIPAL DEL CUSCO |
||
| 082 |
_aPI / 803 / _bP51 |
||
| 110 |
_aPhidal publishing _932928 |
||
| 245 | _aFrozen / | ||
| 260 |
_aMexico : _bAdvanced marketing, _c2015. |
||
| 300 |
_a8 paginas ; _bIlustraciones, _c28 cm. _eIncluye 4 pequeños libros. |
||
| 500 | _aTitulo original : Frozen El ejemplar 1 contiene 4 libros pequeños | ||
| 650 |
_aCuentos para niñas (os) _933717 |
||
| 650 |
_aFrozen _933260 |
||
| 650 |
_aAventuras divertidas _934196 |
||
| 700 |
_aCaballero del Moral, Samantha (Traducion) _934197 |
||
| 942 |
_2ddc _cLIBROS |
||
| 945 |
_apjha _d2019-05-02 |
||